1756 1055 1919 1039 1208 1167 1858 1403 1874 1794 1971 1771 1997 1080 1669 1726 1054 1327 1909 1643 1557 1736 1717 1869 1759 1573 1506 1562 1421 1574 1729 1515 1080 1755 1209 1105 1208 1180 1980 1516 1711 1468 1432 1719 1673 1944 1592 1184 1301 1660 1337 1276 1607 1470 1504 1325 1076 1431 1824 1362 1443 1898 1764 1706 1020 1576 1132 1903 1308 1325 1359 1027 1444 1944 1609 1764 1611 1086 1743 1441 1157 1120 1870 1028 1395 1991 1004 1190 1476 1717 1440 1137 1141 1426 1014 1648 1885 1462 1791 BCNSPRNW ULIB Ver.6.0+V

เปลี่ยนเป็นภาษาไทย

Change to English
 แสดงรายละเอียดบรรณานุกรม
  กลับหน้าหลัก

Brief Record : Get Marc (ISO 2709) : E-mail record : QR code < ปิดหน้าต่าง
LEADER : 00000nam 2200000uu 4500
001    13399114427
003     ULIB
008    110627s||||||||th 000 0 tha d
020    9786167430089
098    นว.^bช324บ
100 0  ช่อศลาญา
245 00 บุพเพเล่ห์ทราย/^cช่อศลาญา
250    พิมพ์ครั้งที่ 1
260    กรุงเทพฯ :^bSimply Book-Love&Desire,^c2554
300    426 หน้า
710 1  Simply Book-Love&Desire
945    ^p295^l0^i031537
995    ทศพร
999 ^a ใช้งานได้ทุกระบบ
รายการนี้ยังไม่มีแท็ก
คุณยังไม่ได้ล็อกอิน คุณสามารถมีกิจกรรมร่วมกับเว็บไซต์ได้ แต่ต้องล็อกอินก่อน ::
  ล็อกอิน

รายการสื่อสารสนเทศ

ลำดับที่ ประเภท เลขเรียก/บาร์โค้ด สถานที่ สถานะ
1. นวนิยาย
นวนิยาย
 ฉ.1 
  Barcode: 031537
ห้องสมุดวิทยาเขตสวรรค์ประชารักษ์
►นวนิยาย
บนชั้น
  ขอยืม

BibComment


ยังไม่เคยถูกคอมเมนท์

คอมเมนท์ทรัพยากรรายการนี้
  คอมเมนท์: บุพเพเล่ห์ทราย ช่..


 Copyright 2026. Bcnsprnw @Library